Patria / (Record no. 18485)
[ view plain ]
| 000 -CABECERA | |
|---|---|
| campo de control de longitud fija | 00896cam a2200253 a 4500 |
| 001 - NÚMERO DE CONTROL | |
| campo de control | 000018967 |
| 005 - FECHA Y HORA DE LA ÚLTIMA TRANSACCIÓN | |
| campo de control | 20200929165906.0 |
| 008 - DATOS DE LONGITUD FIJA--INFORMACIÓN GENERAL | |
| campo de control de longitud fija | 850726s1963 pr 000 0 spa d |
| 040 ## - FUENTE DE LA CATALOGACIÓN | |
| Centro catalogador/agencia de origen | DO-SdBNP |
| Lengua de catalogación | spa |
| Centro/agencia transcriptor | LC |
| Centro/agencia modificador | BNPHU |
| 082 ## - NÚMERO DE LA CLASIFICACIÓN DECIMAL DEWEY | |
| Número de clasificación | PR861.2 |
| Número de documento/Ítem | D259p, 1963 |
| 049 ## - FONDOS LOCALES (OCLC) | |
| Fondos de biblioteca | BNGR |
| 100 1# - ENTRADA PRINCIPAL--NOMBRE DE PERSONA | |
| Nombre de persona | Dávila, Virgilio, |
| Fechas asociadas al nombre | 1869-1943. |
| 9 (RLIN) | 40808 |
| 245 10 - MENCIÓN DE TÍTULO | |
| Título | Patria / |
| Mención de responsabilidad, etc. | Virgilio Dávila ; prólogo M. González García ; nota crítica Dr. Cesáreo Rosa-Nieves. |
| 250 ## - MENCIÓN DE EDICIÓN | |
| Mención de edición | 2a ed. |
| 260 ## - PUBLICACIÓN, DISTRIBUCIÓN, ETC. | |
| Lugar de publicación, distribución, etc. | San Juan, Puerto Rico : |
| Nombre del editor, distribuidor, etc. | Cordillera, |
| Fecha de publicación, distribución, etc. | 1963. |
| 300 ## - DESCRIPCIÓN FÍSICA | |
| Extensión | 144 p. ; |
| Dimensiones | 18 cm. |
| 490 1# - MENCIÓN DE SERIE | |
| Mención de serie | Los Grandes Escritores de Puerto Rico |
| 650 #4 - PUNTO DE ACCESO ADICIONAL DE MATERIA--TÉRMINO DE MATERIA | |
| Término de materia o nombre geográfico como elemento de entrada | Poesía puertorriqueña |
| 9 (RLIN) | 1015 |
| 650 #4 - PUNTO DE ACCESO ADICIONAL DE MATERIA--TÉRMINO DE MATERIA | |
| Término de materia o nombre geográfico como elemento de entrada | Literatura puertorriqueña |
| 9 (RLIN) | 250 |
| 700 1# - PUNTO DE ACCESO ADICIONAL--NOMBRE DE PERSONA | |
| Nombre de persona | González García, M., |
| Término indicativo de función/relación | pról. |
| 9 (RLIN) | 40809 |
| 700 1# - PUNTO DE ACCESO ADICIONAL--NOMBRE DE PERSONA | |
| Nombre de persona | Rosa-Nieves, Cesáreo. |
| 9 (RLIN) | 3522 |
| 830 #0 - PUNTO DE ACCESO ADICIONAL DE SERIE-TÍTULO UNIFORME | |
| Título uniforme | Los Grandes Escritores de Puerto Rico |
| 9 (RLIN) | 4237 |
| 910 ## - DATOS DE OPCIÓN DEL USUARIO (OCLC) | |
| Datos de opción del usuario | Catalogación derivada / LC |
| Estado de retiro | Estado de pérdida | Restricciones de uso | No para préstamo | Código de colección | Localización permanente | Ubicación/localización actual | Ubicación en estantería | Fecha de adquisición | Número de inventario | Total de préstamos | Signatura topográfica completa | Código de barras | Fecha visto por última vez | Precio válido a partir de | Tipo de ítem Koha |
|---|---|---|---|---|---|---|---|---|---|---|---|---|---|---|---|
| Préstamo interno | Monografías: Libros y Folletos | General | General | En catalogación | 21.05.2010 | LF1 | PR861.2 D259p, 1963 | 18967-10 | 25.06.2020 | 25.06.2020 | Préstamo interno |
